00538nam a2200169 450000500170000001000150001702000260003203500140005803700130007208200110008524501040009626000280020027000760022830000240030470000200032870000200034820190516170544.0 aENG-125204 a9789383074204c895.00 aEN-108736 bDBAD/PUB a347.54 aLandscapes of fear :bunderstanding impunity in India/ced. by Patrick Hoenig [and] Navsharan Singh aNew DelhibZubbanc2014 a128B Shahpur Jat, 1st FloorbNew Delhie110049mcontact@zubaanbooks.com axvi,698p.c22cm(Hb) aHoenig, Patrick aNavsharan Singh